Taxation in The Republic of China

Bibliographic Details
Main Author: Chien-Shien, Wong (Author)
Format: Book
Language:English
Published: China : Ministry of Finance 1990
Subjects:

MARC

LEADER 00000cam a2200000 7i4500
001 0000006151
005 20241001.0
008 000202 ch a eng
040 |a INS   |b eng   |e rda 
090 0 0 |a HJ2338   |b .C55 1990 
100 1 |a Chien-Shien, Wong ,   |e author 
245 1 0 |a Taxation in The Republic of China   |c Chien Shien Wong 
264 1 |a China :   |b Ministry of Finance   |c 1990 
300 |a various pagings :   |b illustrations ;   |c 23 cm. 
336 |a text  |2 rdacontent 
337 |a unmediated  |2 rdamedia 
338 |a volume  |2 rdacarrier 
500 |a Includes index 
650 0 |a Taxation   |x China 
999 |a 0000005292   |b BOOK   |c Open Shelf   |e Default branch